000 00303nam a22001337a 4500
008 170911b xxu||||| |||| 00| 0 eng d
020 _a2900470528524
041 _aeng
080 _a91
100 _a42
101 _aGJEO
245 _aDISCOVERING PHYSICAL GEOGRAPHY
_cARBOGAST, A.F
942 _2udc
_cBK
999 _c26960
_d26960